00582nam a22000977a 4500008004100000010001200041245010400053260000900157500015200166500016600318110616t xxu||||| |||| 00| 0 eng d aCACAF41 aThe Court of Appeal Criminal Appeal No. 4 of 1997. Uganda Vs Prof. Gastavus Ssenyonga and another . c1997 aCoram: Hon. Mr. Justice C.M. Kato, J.A. Hon. Lady Justice A.E. Mpagi-Bahigeine, J.A. & Ho n. Mr. Justice J.P. Berko, J.A. aAppeal from an order of Justice 1. Mukanza quashing the Conviction of the Respondents dated the 9th day of April 1997 in Criminal Appeal Nos. 42 and 43 of 1996.